ARRUPE JESUIT UNIVERSITY

CORONAVIRUS -STOP THE SPREAD - CLEAN,DISINFECT,COVER

Birds afield; (Record no. 121465)

MARC details
000 -LEADER
fixed length control field 00813nam a2200265 4500
001 - CONTROL NUMBER
control field 319476
003 - CONTROL NUMBER IDENTIFIER
control field ARRUPE
005 - DATE AND TIME OF LATEST TRANSACTION
control field 20141219134650.0
008 - FIXED-LENGTH DATA ELEMENTS--GENERAL INFORMATION
fixed length control field 740204s1973 rh a b 001 0 eng
010 ## - LIBRARY OF CONGRESS CONTROL NUMBER
LC control number 74153578
020 ## - INTERNATIONAL STANDARD BOOK NUMBER
International Standard Book Number 0582641144
040 ## - CATALOGING SOURCE
Original cataloging agency DLC
Transcribing agency DLC
Modifying agency DLC
043 ## - GEOGRAPHIC AREA CODE
Geographic area code fs-----
050 00 - LIBRARY OF CONGRESS CALL NUMBER
Classification number QL692.S66
Item number G56
082 00 - DEWEY DECIMAL CLASSIFICATION NUMBER
Classification number 598.2/073/0968
300 ## - PHYSICAL DESCRIPTION
Other physical details illus. (part col.)
Dimensions 22 cm.
100 1# - MAIN ENTRY--PERSONAL NAME
Personal name Ginn, Peter.
9 (RLIN) 10889
245 10 - TITLE STATEMENT
Title Birds afield;
Remainder of title a beginner's guide to bird watching in southern Africa.
Statement of responsibility, etc Line drawings by Graeme Arnott.
260 ## - PUBLICATION, DISTRIBUTION, ETC. (IMPRINT)
Place of publication, distribution, etc [Salisbury]
Name of publisher, distributor, etc Longman Rhodesia
Date of publication, distribution, etc [1973]
300 ## - PHYSICAL DESCRIPTION
Extent 140 p.
490 0# - SERIES STATEMENT
Series statement Bundu series
504 ## - BIBLIOGRAPHY, ETC. NOTE
Bibliography, etc Includes bibliographical references.
650 #0 - SUBJECT ADDED ENTRY--TOPICAL TERM
Topical term or geographic name as entry element Birds
Geographic subdivision Zimbabwe
9 (RLIN) 10902
906 ## - LOCAL DATA ELEMENT F, LDF (RLIN)
a 7
b cbc
c orignew
d 4
e ncip
f 19
g y-gencatlg
942 ## - ADDED ENTRY ELEMENTS (KOHA)
Source of classification or shelving scheme Library of Congress Classification
Koha item type SPC
Holdings
Withdrawn status Lost status Source of classification or shelving scheme Damaged status Not for loan Collection code Home library Current library Shelving location Date acquired Total Checkouts Full call number Barcode Date last seen Price effective from Koha item type
    Library of Congress Classification     SPECIAL Collection ARRUPE LIBRARY ARRUPE LIBRARY REFERENCE 10/12/2014   SPC QL692.R5 G492 46500003465 10/12/2014 10/12/2014 SPC
    Library of Congress Classification     Main Collection ARRUPE LIBRARY ARRUPE LIBRARY Main Collection 29/10/2020   QL692.S66 G56 46600008183 29/10/2020 29/10/2020 Monograph ( Printed materials)

 

Arrupe Library. PO Box MP320 Mt Pleasant, Harare, Zimbabwe
263 242 745411|librarian@aju.ac.zw